In-service evaluation of a detection-control system for high-speed signalized intersections /

Bibliographic Details
Main Author: Zimmerman, Karl
Corporate Authors: Texas. Department of Transportation. Research and Technology Implementation Office, Texas Transportation Institute
Other Authors: Bonneson, James
Format: Government Document Book
Language:English
Published: College Station, Tex. : [Springfield, Va.] : Texas Transportation Institute, Texas A&M University System ; [Available through the National Technical Information Service], [2005]
Series:Research report (Austin, Tex.) ; 5-4022-01-1.
Subjects:

MARC

Tag First Indicator Second Indicator Subfields
LEADER 00000cam a2200000Ia 4500
001 in00002102002
005 20151102182939.0
008 051015s2005 txuab bt 000 0 eng d
027 |a FHWA/TX-05/5-4022-01-1 
035 |a (OCoLC)ocm62090567 
040 |a CBT  |c CBT  |d TXA  |d UtOrBLW 
043 |a n-us-tx 
049 |a TXAM 
086 |a T1311.7 R311 NO.5-4022-01-1  |2 txdocs 
088 |a TTI: 5-4022-01 
090 |a HE203  |b .T43 no.5-4022-01-1 
100 1 |a Zimmerman, Karl. 
245 1 0 |a In-service evaluation of a detection-control system for high-speed signalized intersections /  |c by Karl Zimmerman and James Bonneson. 
246 1 |i Project title:  |a Detection-control system for rural signalized intersections 
264 1 |a College Station, Tex. :  |b Texas Transportation Institute, Texas A&M University System ;  |a [Springfield, Va.] :  |b [Available through the National Technical Information Service],  |c [2005] 
300 |a ix, 38 pages :  |b illustrations, plans ;  |c 28 cm. 
336 |a text  |b txt  |2 rdacontent 
337 |a unmediated  |b n  |2 rdamedia 
338 |a volume  |b nc  |2 rdacarrier 
490 1 |a Technical report / Texas Transportation Institute ;  |v 5-4022-01-1 
513 |a Technical report;  |b Sept. 2002-Aug. 2005. 
536 |a Performed in cooperation with Texas Dept. of Transportation and the Federal Highway Administration for Texas Dept. of Transportation Research and Technology Implementation Office under project no.  |f 5-4022. 
500 |a "Cooperative Research Program"--Cover. 
500 |a "August 2005." 
504 |a Includes bibliographical references (page 25). 
500 |a "TTI: 5-4022-01"--Cover. 
650 0 |a Electronic traffic controls  |z Texas  |x Evaluation. 
650 0 |a Roads  |z Texas  |x Interchanges and intersections. 
650 0 |a Rural roads  |z Texas. 
650 0 |a Low-volume roads  |z Texas. 
650 7 |a signalized intersections.  |2 trt 
700 1 |a Bonneson, James. 
710 1 |a Texas.  |b Department of Transportation.  |b Research and Technology Implementation Office. 
710 2 |a Texas Transportation Institute. 
830 0 |a Research report (Austin, Tex.) ;  |v 5-4022-01-1. 
994 |a C0  |b TXA 
948 |a cataloged  |b h  |c 2006/1/19  |d c  |e blrosas  |f 8:41:55 am 
999 |a MARS 
999 f f |s 3779657f-3de6-31fe-8945-c19ca5428457  |i 9e62daaa-d5f9-3831-aad6-d2bff300793e  |t 0 
952 f f |p ric  |a Texas A&M University  |b Rellis Campus  |c Joint Library Facility  |d Remote Storage  |t 0  |e HE203 .T43 no.5-4022-01-1  |h Library of Congress classification  |i unmediated -- volume  |m A14833482466 
998 f f |a HE203 .T43 no.5-4022-01-1  |t 0  |l Remote Storage